LEADER 00937nam a2200253 i 4500 001 991003179399707536 005 20020509113547.0 008 940625s1952 fr ||| | ||| 035 $ab11121002-39ule_inst 035 $aPARLA176593$9ExL 040 $aDip.to Filosofia$bita 100 1 $aTolstoj, Lev Nikolaevic$0159663 245 13$aLa guerre et la paix /$cLeon Tolstoj ; introduction par Pierre Pascal ; traduction par Henri Mongault ; index par Sylvie Luneau 260 $aParis :$bGallimard,$cc1952 300 $aXXV, 1657 p. ;$c18 cm. 700 1 $aLuneau, Sylvie 700 1 $aMongault, Henri 700 1 $aPascal, Pierre 907 $a.b11121002$b21-09-06$c28-06-02 912 $a991003179399707536 945 $aLE005 MF 5 I 8$g1$iLE005N-9573$lle005$o-$pE0.00$q-$rl$s- $t0$u0$v0$w0$x0$y.i11258779$z28-06-02 996 $aGuerre et la paix$9858298 997 $aUNISALENTO 998 $ale005$b01-01-94$cm$da $e-$feng$gfr $h3$i1 LEADER 01786nam 2200553Ia 450 001 9910788622303321 005 20230802002359.0 010 $a1-78040-039-X 035 $a(CKB)3280000000003687 035 $a(EBL)3119951 035 $a(SSID)ssj0000957779 035 $a(PQKBManifestationID)11521234 035 $a(PQKBTitleCode)TC0000957779 035 $a(PQKBWorkID)10998350 035 $a(PQKB)11184749 035 $a(MiAaPQ)EBC3119951 035 $a(Au-PeEL)EBL3119951 035 $a(CaPaEBR)ebr10733008 035 $a(CaONFJC)MIL572578 035 $a(OCoLC)922995065 035 $a(EXLCZ)993280000000003687 100 $a20120912d2012 uy 0 101 0 $aeng 135 $aur|n|---||||| 181 $ctxt 182 $cc 183 $acr 200 10$aArsenic contamination in the world$b[electronic resource] $ean international sourcebook 2012 /$fSusan Murcott 210 $aLondon $cIWA Pub.$d2012 215 $a1 online resource (344 p.) 300 $aDescription based upon print version of record. 311 $a1-78040-038-1 320 $aIncludes bibliographical references. 327 $asection 1. African region -- section 2. Region of the Americas -- section 3. Asian region -- section 4. European region -- section 5. Region of Australia and Oceania. 606 $aArsenic 606 $aArsenic$xHealth aspects 606 $aArsenic$xEnvironmental aspects 615 0$aArsenic. 615 0$aArsenic$xHealth aspects. 615 0$aArsenic$xEnvironmental aspects. 676 $a553.47 700 $aMurcott$b Susan$01510457 801 0$bMiAaPQ 801 1$bMiAaPQ 801 2$bMiAaPQ 906 $aBOOK 912 $a9910788622303321 996 $aArsenic contamination in the world$93743144 997 $aUNINA